000
00311nam a2200145Ia 4500
100
_a
Dighe/S.D/ Patkar/N.G
650
_a
General
490
_v
1
942
_c
BK
245
_a
Educational Law Reporter Vol.1
260
_b
Akshar Prakashan
_a
London
_c
1965
300
_a
182
546
_a
ENGLISH
999
_c
21891
_d
21891